Dog breeds named after places #2 - Statistics

General Stats
  • This quiz has been taken 39 times
  • The average score is 7 of 10
Answer Stats
Hint Answer How it becomes a dog breed % Correct
An ____ Malamute, American State Alaska +n
94%
A ____ Settler Ireland -eland+ish
91%
An ____ Pit Bull Terrier America +n
76%
A ____ Terrier, City in Massachusetts. Boston
76%
An ____ Hound Afghanistan -istan
74%
A ____ Crested Dog China -a+ese
68%
An ____ Greyhound Italy -y+ian
68%
A ____ dog, Canadian Province Newfoundland
68%
A ____ Shorthaired Pointer Germany -y
59%
A ____ Bull Terrier, English County Staffordshire
53%
No matching quizzes found
Score Distribution
Percent of People with Each Score
Percentile by Number Answered
Your Score History
You have not taken this quiz